A survival kit for the elementary school principal : with reproducible forms, checklists and letters /
Your role as principal. How to plan for the school year-setting goals and maintaining focus. Shared decision making-the key to a more effective school...
Guardado en:
| Autor principal: | |
|---|---|
| Formato: | Libro |
| Lenguaje: | English |
| Publicado: |
Paramus, N.J. :
Prentice Hall,
1998.
|
| Materias: | |
| Etiquetas: |
Agregar Etiqueta
Sin Etiquetas, Sea el primero en etiquetar este registro!
|
| Thư viện lưu trữ: | Mạng thư viện Đại học Đà Nẵng |
|---|
| LEADER | 01225cam a2200349 i 4500 | ||
|---|---|---|---|
| 001 | 000048089 | ||
| 003 | 7788 | ||
| 005 | 20030313100402.0 | ||
| 008 | 010326|1998 vm 000 eng | ||
| 020 | |a 0137459858 | ||
| 040 | |a IRC |c IRC |d IRC | ||
| 041 | 0 | |a eng | |
| 082 | 1 | 4 | |a 372.12012 |b BE-A |
| 100 | 1 | |a Bergman, Abby Barry. | |
| 245 | 0 | 2 | |a A survival kit for the elementary school principal : |b with reproducible forms, checklists and letters / |c Abby Barry Bergman. |
| 260 | |a Paramus, N.J. : |b Prentice Hall, |c 1998. | ||
| 300 | |a xxix, 417 p. : |b ill. ; |c 27.5cm. | ||
| 520 | 3 | |a Your role as principal. How to plan for the school year-setting goals and maintaining focus. Shared decision making-the key to a more effective school... | |
| 630 | 0 | 4 | |a Education. |
| 630 | 0 | 4 | |a Elementary school principals. |
| 650 | 0 | 4 | |a Elementary school principals |z United States |v Handbooks, manuals, etc. |
| 650 | 0 | 4 | |a Education, Primary |z United States |x Administration |v Handbooks, manuals, etc. |
| OWN | |a DUT | ||
| 999 | |a From the UDN01 | ||
| TYP | |a Monograph | ||
| TYP | |a Printed language | ||
| 980 | |a Mạng thư viện Đại học Đà Nẵng | ||


